Normal view
MARC view
- Peace
Entry Topical Term
001 - CONTROL NUMBER
- control field: 2060
003 - CONTROL NUMBER IDENTIFIER
- control field: NUST
005 - DATE AND TIME OF LATEST TRANSACTION
- control field: 20170606120615.0
008 - FIXED-LENGTH DATA ELEMENTS
- fixed length control field: 170606|| aca||aabn | a|a d
040 ## - CATALOGING SOURCE
- Original cataloging agency: NUST
- Transcribing agency: NUST
150 ## - HEADING--TOPICAL TERM
- Topical term or geographic name entry element: Peace
- General subdivision: Research.
670 ## - SOURCE DATA FOUND
- Source citation: Work cat.: (NUST)0: Wallensteen, Peter, 1945- 2059, Peace research :, c2011.
